Le romancero espagnol / (Record no. 132606)

MARC details
000 -LEADER
campo de control de longitud fija 00449nam a2200157 i 4500
001 - NÚMERO DE CONTROL
campo de control 132606
003 - IDENTIFICADOR DE NÚMERO DE CONTROL
campo de control ES-MaACL
005 - FECHA Y HORA DE LA ÚLTIMA TRANSACCIÓN
campo de control 20230906194219.0
007 - CAMPO FIJO DE DESCRIPCIÓN FÍSICA--INFORMACIÓN GENERAL
campo de control de longitud fija t|
008 - DATOS DE LONGITUD FIJA--INFORMACIÓN GENERAL
campo de control de longitud fija 070214q1914 fr r ||||1| fre d
245 03 - MENCIÓN DEL TÍTULO
Título Le romancero espagnol /
Mención de responsabilidad, etc. introduction, traduction et notes par E. Merimée.
260 ## - PUBLICACIÓN, DISTRIBUCIÓN, ETC.
Lugar de publicación, distribución, etc. Paris :
Nombre del editor, distribuidor, etc. Corbeil-Crété,
Fecha de publicación, distribución, etc. [1914?]
300 ## - DESCRIPCIÓN FÍSICA
Extensión 196 p. ;
Dimensiones 18 cm.
700 1# - ENTRADA AGREGADA--NOMBRE PERSONAL
Nombre de persona Mérimée, Ernest.
9 (RLIN) 80505
852 ## - LOCALIZACIÓN
Ubicación ES-MaACL
Número de control de estantería B-6769
Holdings
Estatus retirado Estado de pérdida Estado de daño No para préstamo Biblioteca de origen Biblioteca actual Ubicación en estantería Fecha de adquisición Fuente de adquisición Total de préstamos Signatura topográfica completa Código de barras Visto por última vez Precio de reemplazo Tipo de ítem Koha
        Biblioteca del Ateneo de Madrid Biblioteca del Ateneo de Madrid Sala Pardo Bazán 17/01/2008     B-6769 1138057 23/02/2023 23/02/2023 Libro impreso